• 首页
  • 本馆介绍
  • 公告通知
  • 最新文献
  • 馆藏检索
  • 电子资源
  • 读者导购
  • 参考咨询
  • 我的图书馆
  • 登录
  • 详细信息显示
  • 放入我的书架
  • 预约/预借图书
  • 作者相关作品
  • 分类相关作品
  • 丛书相关作品
  • 出版社相关作品

书目信息

  • 表格格式
  • 工作单格式
  • 卡片格式
题名:
中学生物教师手册
    
 
作者: 刘恕 主编
分册:  
出版信息: 北京   科学普及出版社  1981
页数: 621页
开本: 21cm
丛书名:
单 册:
中图分类: G633.91-62
科图分类:
主题词: 生物学--中学--教学参考资料
电子资源:
ISBN:
000 00642nam0 2200229 45
001 0181008962
005 20060622151849.60
010    @dCNY2.00
091    @a13051.1229
100    @a19950614d1981 em y0chiy0121 ea
101 0  @achi
102    @aCN@b110000
105    @ay z 000yy
200 10 @a中学生物教师手册@Azhong xue sheng wu jiao shi shou ce@f刘恕等主编@Fliu shu deng zhu bian
210    @a北京@c科学普及出版社@d1981
215    @a621页@d21cm
606    @a生物学@x中学@x教学参考资料
690    @aG633.91-62@v3
701  0 @a刘恕@Aliu shu@4主编
801  2 @aCN@bNLC@c20060622
801  0 @aCN@bTSSF
905    @a10447@dG633.91-62@e90
    
    中学生物教师手册/刘恕等主编.-北京:科学普及出版社,1981
    621页;21cm
    
    
    ISBN :CNY2.00
    
●
相关链接 在E读中查询图书 在五车中查询图书 在当当中查询图书 在豆瓣中查询图书


正题名:中学生物教师手册     索取号:G633.91-62/90         预约/预借

序号 登录号 条形码 馆藏地/架位号 状态 备注
1 0420718   204207189   密集书库/ [索取号:G633.91-62/90] 在馆    
2 0420719   204207198   密集书库/ [索取号:G633.91-62/90] 在馆    
唐山师范学院图书馆 欢迎您!
大连网信软件有限公司© 版权所有